000 01227cam a22002651i 4500
003 SA-RiAUC
005 20250414081224.0
008 250408s2007 le g 000 0 ara c
040 _aSA-RiIMS
_bara
_cSA-RiAUC
_erda
082 0 4 _a252.1
_qSA-RiAUC
090 _a252.1
_b ع ب د غ
100 1 _aعبد الغني النابلسي، عبد الغني بن إسماعيل بن عبد الغني،
_d1050-1143 هجري
_eمؤلف.
245 1 2 _aالمقاصد الممحصة في بيان كي الحمصة /
_cتأليف عبد الغني بن إسماعيل النابلسي الدمشقي ؛ تحقيق وتعليق سعود بن إبراهيم الشريم.
250 _aالطبعة الأولى.
264 1 _aبيروت :
_bدار البشائر،
_c2007
300 _a48 صفحة ؛
_c24 سم.
336 _aنص
_btxt
_2rdacontent
_3كتاب
337 _aبدون وسيط
_bn
_2rdamedia
338 _aمجلد
_bnc
_2rdacarrier
490 0 _aدفائن الخزائن ؛
_v16
650 7 _aالطهارة (فقه إسلامي)
_2aucsh
700 1 _aالشريم، سعود بن إبراهيم بن محمد،
_d1386 هجري-
_eمحقق.
942 _2ddc
_cBOOK
_n0
949 _aSA-JeALM
_d250408
_umohamedma123
_n1
999 _c7012
_d7012